000 00609cam a2200169 a 4500
040 _cDLC
082 _a371 HUM 2008 A089 Or.
245 0 0 _aTeaching in Cambodia.
260 _a[Phnom Penh] :
_bHuman Development Sector, East Asia and the Pacific Region, The World Bank :
_bMinistry of Education, Youth and Sport, Royal Government of Cambodia,
_c2008.
300 _axvi, 127 p. :
_bill. (some col.), maps (some col.) ;
_c26 cm.
650 0 _aTeachers
650 0 _aTeaching
710 2 _aWorld Bank.
710 1 _aCambodia.
856 4 1 _uhttp://www.loc.gov/catdir/toc/fy13pdf03/2011360900.html
942 _cEK
999 _c16256
_d16256